000 00476nam a2200193Ia 4500
005 20250923144429.0
008 008 250917s9999 xx 000 0 eng d
037 _aTextual
040 _aDSWL
_beng
_cDSWL
041 _aeng
_2eng
084 _aXM25, J2
_qDSWL
245 0 _aIntroduction to co-operative practice
_cby ILO
260 _c1952
300 _a50 p.
365 _aINR
_b3
925 _g3
942 _cTEXL
_hXM25, J2
999 _c1438770
_d1438770